| 000 | 00613nam a22001817a 4500 | ||
|---|---|---|---|
| 003 | OSt | ||
| 005 | 20251127164834.0 | ||
| 008 | 251127b |||||||| |||| 00| 0 eng d | ||
| 020 | _a971-08-6793-8. | ||
| 040 |
_aDWCL-Main lib _cOC |
||
| 082 |
_23rd ed. _aFil. 658 H281m 2008 |
||
| 100 | _aRicardo M. Harina | ||
| 245 |
_aManagement advisory services for business planning, control and decision _cRicardo M. Harina |
||
| 260 |
_aMandaluyong City : _bNational Book Store, _cc2008. |
||
| 300 |
_axiv, 514 pages ; _c25 cm. |
||
| 650 | _21. Management-Problems, exercises, etc. | ||
| 942 |
_2ddc _cBK-FIL _e3rd ed. _kFil. _n0 |
||
| 999 |
_c6524 _d6524 |
||